Central Library OPAC University of Rajshahi

Basic issues in coordinating family and child welfare programs / (Record no. 5589)

MARC details
000 -LEADER
fixed length control field 01002cam a22003011 4500
001 - CONTROL NUMBER
control field 5589
003 - CONTROL NUMBER IDENTIFIER
rucl marc code BD-RjUL
005 - DATE AND TIME OF LATEST TRANSACTION
control field 20211208234106.0
008 - FIXED-LENGTH DATA ELEMENTS--GENERAL INFORMATION
fixed length control field 131226s1964 pau b s000 0 eng
035 ## - SYSTEM CONTROL NUMBER
System control number (BD-RjUL)5628
System control number (OCoLC)297312
040 ## - CATALOGING SOURCE
Original cataloging agency DLC
Transcribing agency ODaWU
Modifying agency OCoLC
-- NcRS
-- DLC
-- BD-RjUL
Language of cataloging eng
041 ## - LANGUAGE CODE
Language code of text/sound track or separate title eng
082 04 - DEWEY DECIMAL CLASSIFICATION NUMBER
Classification number 362.7
Edition number 16
Author mark and year BAS 1964
100 1# - MAIN ENTRY--PERSONAL NAME
Personal name Cella, Charles P.,
9 (RLIN) 17533
245 10 - TITLE STATEMENT
Title Basic issues in coordinating family and child welfare programs /
Statement of responsibility, etc. edited by Charles P. Cella, Jr., and Rodney P. Lane.
260 ## - PUBLICATION, DISTRIBUTION, ETC. (IMPRINT)
Place of publication, distribution, etc. Philadelphia :
Name of publisher, distributor, etc. University of Pennsylvania Press,
Date of publication, distribution, etc. c1964.
300 ## - PHYSICAL DESCRIPTION
Pagination 121 p. ;
Size 22 cm.
504 ## - BIBLIOGRAPHY, ETC. NOTE
Bibliography, etc Bibliographical footnotes.
650 #0 - SUBJECT ADDED ENTRY--TOPICAL TERM
Topical term or geographic name as entry element Charities.
9 (RLIN) 5761
Topical term or geographic name as entry element Public welfare.
9 (RLIN) 17535
700 1# - ADDED ENTRY--PERSONAL NAME
Personal name Lane, Rodney P.,
Relator term joint ed.
710 2# - ADDED ENTRY--CORPORATE NAME
Corporate name or jurisdiction name as entry element University of Pennsylvania.
Subordinate unit Government Consulting Service.
9 (RLIN) 17537
942 ## - ADDED ENTRY ELEMENTS (KOHA)
Source of classification or shelving scheme Dewey Decimal Classification
Koha item type Books
Holdings
Lost status Source of classification or shelving scheme Damaged status Not for loan Collection code Permanent Location Current Location Shelving location Date acquired Source of acquisition Cost, normal purchase price Total Checkouts Full call number Date last seen Copy number Koha item type
  Dewey Decimal Classification   Not For Loan Non-fiction Central Library, University of Rajshahi Central Library, University of Rajshahi   30/01/1967 euro- pak 0.00   362.7 BAS 1964 26/12/2013 C-1 Books